00845nam a2200265 a 4500001001000000003001100010005001700021008004100038040000800079041000800087050001900095100001500114245004600129300003400175500001600209500003800225650004800263700004100311700004300352700004000395902000800435942001100443999001500454952011000469BRCA_8701FranzMayer20230724144057.0240117s1750----sp-#######---#000-0#spa-# cMFM aspa 4aBE44bP54 17501 aN/A92167810aApologíabal método de estudiarc1750 a[2] 621 p. (t.5)c20 x 15 cm. aSin portada aEstado físico: con cintas rotas14aEducaciónyObras anteriores a 18009216791 aPiedad, Arsenio de lacP. Fr.9216801 aLacerda, Aletofilo Cándido de9216811 aLisboense, Apolonio Filomuso921682 aCFM 2lcccB c8354d8354 00102lcc40708CFMaBRCAbBRCAd2017-01-24l0oBE44 .1750pCFM00041r2019-03-22 00:00:00w2019-03-22yB